The Legion of Super-Heroes Quiz Stats

 Plays Quiz not verified by Sporcle

Support Sporcle.
Go Orange.
Score 0/80 Timer 10:00
0 Plays Today
Power Legionnaire % Correct
Kryptonian Superboy
94.9%
KryptonianSupergirl
94.5%
ElectricityLightning Lad
94.1%
MagnetismCosmic Boy
93.4%
Tactile telekinesis etc.Superboy
93.4%
12th-level mindBrainiac 5
93%
TelepathySaturn Girl
92.2%
Martial artsKarate Kid
90.6%
ShapeshiftingChameleon Boy
89.8%
Giant sizeColossal Boy
89.8%
Multiple bodiesTriplicate Girl
89.5%
DaxamiteMon-El
89.1%
BoingBouncing Boy
88.7%
InvisibilityInvisible Kid
88.3%
Eats anythingMatter-Eater Lad
87.5%
Gravity or electricityLight Lass
87.1%
PhasingPhantom Girl
86.7%
Heat generationSun Boy
86.7%
Increases massStar Boy
86.3%
One thing at a timeUltra Boy
86.3%
Microscopic sizeShrinking Violet
85.9%
Turns to ironAndrew
85.2%
PrecognitionDream Girl
84.4%
DarknessShadow Lass
81.6%
TransmutationElement Lad
81.3%
Thick as a brickBlok
80.9%
Prodigious physicalityTimber Wolf
80.1%
TrackingDawnstar
79.7%
Illusion-castingPrincess Projectra
79.3%
Cold generationPolar Boy
79.3%
Anti-energyWildfire
77.3%
MagnetismMagnetic Kid
76.6%
MagicWhite Witch
76.2%
Turns to rockStone Boy
75.8%
Superstrength in darkNight Girl
73.8%
Color-changingColor Kid
73%
Sonic powersTyroc
72.3%
DaxamiteLaurel
70.7%
Super-contagiousInfectious Lass
69.9%
CatalysisChemical King
68.8%
Power Legionnaire % Correct
Makes plants growChlorophyll Kid
68.8%
Shoots quillsPorcupine Pete
68%
SuperspeedXS
67.6%
InvisibilityInvisible Kid II
66.4%
Animates objectsQuislet
64.5%
TelepathyTellus
64.1%
FirebreathingFire Lad
63.3%
Martial artsKarate Kid II
63.3%
Stasis fieldKid Quantum
62.1%
Computer powersComputo
61.7%
Prehensile hairSpider-Girl
60.9%
Captain Marvel powersThunder
60.5%
TeleportationGates
58.6%
ShapeshiftingChameleon Girl
57.8%
Makes crystalsCrystal Kid
55.5%
PrecognitionDream Boy
52%
SuperstrengthMonstress
50.8%
MagicDragonmage
48.8%
MagnetismMagno
48.8%
Reflective Reflecto
48.4%
Mass-shiftingKono
48%
KittyCatspaw
47.3%
VariousKinetix
47.3%
Stasis fieldKid Quantum II
44.9%
PathfindingShikari
44.1%
Strength, durabilityImpulse
43.8%
Computer powersGear
43%
Green Lantern powersCeleste
39.5%
Causes disastersCalamity King
38.7%
Vision powersVisi-Lad
38.3%
Wind generationNightwind
36.7%
ReflectiveDevlin
35.2%
Bat wingsFlederweb
31.3%
NothingStorm Boy
30.5%
Sound manipulationEcho
28.9%
TeleportationVeilmist
28.9%
Razor clawsBloodclaw
28.5%
CyborgFirefist
27%
Metabolic controlGazelle
27%
Kryptonian powersKell-El
13.3%

You're not logged in!

Compare scores with friends on all Sporcle quizzes.
OR
Log In

From the Vault

Real-Life SpongeBob Houses

by Kanpo1

We're finally going to find out who lives in a pineapple under the sea.
Remove Ads.
Support Sporcle.
Get the best of Sporcle when you Go Orange. This ad-free experience offers more features, more stats, and more fun while also helping to support Sporcle. Thank you for becoming a member.

Show Comments

Extras

Top Quizzes Today


Score Distribution

Your Account Isn't Verified!

In order to create a playlist on Sporcle, you need to verify the email address you used during registration. Go to your Sporcle Settings to finish the process.

Report this User

Report this user for behavior that violates our Community Guidelines.

Details: